000 00524nam a2200193Ia 4500
005 20250508151703.0
008 008 250505s9999 xx 000 0 eng d
037 _aTextual
040 _aFEDL
_beng
_cFEDL
041 _aeng
_2eng
084 _a150, WIL
_qFEDL
100 _aWilson John T. etal...
_9759748
245 0 _aCurrent trends in psychology and the behavioral sciences
260 _c1955
300 _axvi,142p.
650 _aPsychology
942 _cTEXL
_h150, WIL
999 _c1331444
_d1331444